000 00863nam a22001817i 4500
999 _c23181
_d23181
003 AR-CdUCM
008 250122b20242024 pe||||| |||| 00| 0 spa d
040 _aMUNICIPALIDAD PROVINCIAL DEL CUSCO
_cBIBLIOTECA MUNICIPAL DEL CUSCO
041 _hspa
082 _a985.613 / M95Z
_bM95Z
110 _aMunicipalidad del Distrito de Ollantaytambo
_950940
245 _aOllantaytambo Zona Monumental :
_bEdición Sesquicentenario (CL) de la Creación Política del Distrito de Ollantaytambo 150 años /
260 _aOllantaytambo-Cusco :
_bMunicipalidad del Distrito de Ollantaytambo
_c2024
300 _a75 páginas. :
_c24x18 cm.
505 _aPeriodo prehispánico -- Parque arqueológico en la visión de los cronistas del siglo XVI y XVI -- Parque arqueológico en la perspectiva de los viajeros del siglo XIX
942 _2ddc
_cLIBROS
945 _apbjr
_d22-01-2025